000
00342nam a2200145Ia 4500
008
150201s2002 xx 000 0 und d
082
_a
610.73
_b
C2002W
100
_a
WALSH MIKE
245
_a
WASTONS CLINICAL NURSING
250
_a
6TH
260
_b
BAILIERE TINDALL
_a
DELHI
_c
2002
300
_a
1-1038
650
_a
NURSING
942
_2
ddc
_c
BK
999
_c
4016
_d
4016